|
|
|
|
| LEADER |
00000nab a2200000 ar4500 |
| 001 |
vtls009954800 |
| 003 |
SK-MaSNL |
| 005 |
20260304171635.0 |
| 008 |
090929|2008 xo |||||||||||||| b|slo |
| 015 |
|
|
|a SNBRA2009/09
|2 snkbucl
|
| 038 |
|
|
|a SNKBUCL
|
| 040 |
|
|
|a SNKBUCL
|b slo
|e AACR2
|c SNKBUCL
|
| 041 |
0 |
|
|a slo
|
| 044 |
|
|
|a xo
|c SK
|
| 080 |
|
|
|a 061.2
|x (437.6)
|x (091)
|2 2001
|
| 080 |
|
|
|a 94(437.6)
|2 2001
|
| 100 |
1 |
|
|a Žifčáková, Agnesa,
|d 1951-
|4 aut
|9 115740
|
| 245 |
1 |
0 |
|a Zmátlo, Peter: Dejiny Slovenskej ligy na Spiši
|c Agnesa Žifčáková
|
| 610 |
2 |
7 |
|a Slovenská liga na Slovensku
|2 snkbucl
|9 252460
|
| 650 |
0 |
7 |
|a monografie
|2 snkbucl
|9 256509
|
| 651 |
|
7 |
|a Spiš (Slovensko : región)
|2 snkbucl
|9 17692
|
| 655 |
|
7 |
|a recenzie
|2 snkbucl
|9 21907
|
| 655 |
|
7 |
|a články zo zborníkov
|2 snkbucl
|9 166140
|
| 773 |
0 |
|
|t Z minulosti Spiša XVI
|d Levoča : Spišský dejepisný spolok, 2008
|g S. 272-274
|z 9788096945634
|
| 787 |
0 |
8 |
|i Rec.:
|a Zmátlo, Peter
|t Dejiny Slovenskej ligy na Spiši
|d Krakov : Wydawnictvo i Drukarnia Towarzystwo Slowaków w Polsce, 2007
|z 9788374901185
|
| 852 |
|
|
|a Slovenská národná knižnica
|
| 958 |
|
|
|a RC
|
| 999 |
|
|
|c 2994549
|d 2996479
|